| 000 | 01146nam a22002897a 4500 | ||
|---|---|---|---|
| 003 | OSt | ||
| 005 | 20240507083610.0 | ||
| 008 | 231018s2015 ag ||||| |||| 00| p spa d | ||
| 020 | _a9789871912445 | ||
| 040 | _cbesoc | ||
| 245 | 1 | 0 |
_a30.30 : _bpoesía argentina del siglo XXI / _cSelección y prólogo Francisco Bitar, Daiana Henderson, Gervasio Monchietti |
| 250 | _a2a ed. | ||
| 260 |
_aRosario : _bemr, _c2015 |
||
| 300 | _a248 p. | ||
| 490 | 0 | _aColección libros del festival | |
| 505 | 1 | _aAntolín -- Leandro Beier -- Julián Bejarano -- Mariano Blatt -- Tomás Boasso -- Franco Boczkowski -- Luciana Caamaño -- Ariel Delgado -- Meli depetris.- | |
| 520 | 0 | _aTextos inéditos o publicados después de 2000 de treinta autores de hasta treinta años de edad.- | |
| 650 | 4 |
_aLiteratura argentina _vPoesía _xSiglo XXI |
|
| 700 | 1 | _aBitar, Francisco | |
| 700 | 1 | _aHenderson, Daiana | |
| 700 | 1 | _aMonchietti, Gervasio | |
| 700 | 1 |
_aBeier, Leandro, _d(1985-), _eautor |
|
| 700 | 1 |
_aBejarano, Julián, _d(1989-), _eautor |
|
| 700 | 1 |
_aBlatt, Mariano, _d(1983-), _eautor |
|
| 700 | 1 |
_aBoasso, Tomás, _d(1984-), _eautor |
|
| 942 |
_2udc _cOG _n0 |
||
| 999 |
_c128 _d128 |
||